| Поле | Инд. | ПП | Название | Значение |
|---|---|---|---|---|
| Тип записи | a | |||
| Библиографический уровень | m | |||
| 001 | Контрольный номер | 0e59d8e52b4043edbaf2559d7bda04b5 | ||
| 005 | Дата корректировки | 20180802094038.2 | ||
| 020 | a | ISBN | 978-5-406-05237-2 | |
| 040 | a | Служба первич. каталог. | НБ ТвГУ | |
| b | Код языка каталог. | rus | ||
| e | Правила каталог. | PSBO | ||
| 041 | 0_ | a | Код языка текста | rus |
| 080 | a | Индекс УДК | 159.922.7(075.8) | |
| 084 | a | Индекс другой классификации/Индекс ББК | Ю941я73-1 | |
| 090 | a | Полочн. индекс | Ю941 | |
| x | Авторский знак | С 50 | ||
| 097 | b | Оператор | mimoza3 | |
| 100 | 1_ | a | Автор | Смирнова Елена Олеговна |
| q | Полное имя | Смирнова Е. О. | ||
| 245 | 10 | a | Заглавие | Детская психология |
| b | Продолж. заглавия | учебник в образовательных учреждениях, реализующих образовательные программы ВПО по направлению "Психолого-педагогическое образование" по дисциплине "Психология раннего, младенческого и дошкольного возраста" | ||
| 260 | c | Дата издания | 2016 | |
| a | Место издания | Москва | ||
| b | Издательство | КноРус | ||
| 300 | a | Объем | 279 с. | |
| 440 | _0 | a | Серия | Бакалавриат |
| 440 | _0 | a | Серия | ФГОС 3+ |
| 504 | a | Библиография | Библиогр.: с. 278-279 | |
| 520 | 0_ | a | Аннотация | Раскрываются основные понятия, важные теоретические положения современной детской психологии, выявляются закономерности развития познавательных психических процессов ребенка от рождения до окончания дошкольного детства, становления ведущих видов деятельности на каждом возрастном этапе. Дается характеристика проблемы готовности ребенка к школе, которая является своеобразным итогом психического развития дошкольника. Развитие ребенка рассматривается в контексте его общения со взрослым, особый акцент делается на роли взрослого в каждый возрастной период. Содержащаяся в книге информация поможет читателю приобрести базовые психологические знания, необходимые для понимания ребенка, педагогической работы и общения с детьми. Соответствует ФГОС ВО 3+. Для студентов бакалавриата педагогических вузов, училищ и колледжей, работников дошкольных учреждений, повышающих свою квалификацию, а также для всех, кого волнуют проблемы развития и воспитания детей. |
| 653 | 0_ | a | Ключевые слова | Возрастная психология |
| a | Ключевые слова | Психология развития | ||
| a | Ключевые слова | Психология детского возраста | ||
| a | Ключевые слова | Детская психология | ||
| a | Ключевые слова | Учебники для вузов | ||
| a | Ключевые слова | Бакалавриат | ||
| 901 | t | Тип документа | m | |
| 910 | a | гриф есть ** | ||
| 920 | a | Оператор | Поля | |
| a | Оператор | Рунт | ||
| a | Оператор | Стро | ||
| 930 | a | Новая/Ретро | новая | |
| 952 | c | Вид литературы | К ру | |
| 954 | b | Дата поступления в ОК | 20180530 | |
| c | Дата окончания ОНО | 20180802 |